Loading...
| Literature - European | 0 | 8 | 0 | 1 | 80 | 37 | 67.63 | 3 | 6 | 0.72 | 2.50 |
| Literature - British | 0 | 6 | 0 | 0 | 60 | 29 | 85.17 | 2 | 4 | 11.21 | 12.50 |
| Fine Arts - Other | 0 | 5 | 0 | 0 | 50 | 43 | 64.40 | 0 | 5 | 7.02 | 17.50 |
| Literature - American | 0 | 5 | 0 | 0 | 50 | 60 | 81.60 | 1 | 4 | 0.00 | 2.50 |
| Literature - World | 0 | 4 | 0 | 1 | 40 | 57 | 83.25 | 0 | 2 | 0.00 | 0.00 |
| Religion | 0 | 4 | 0 | 2 | 40 | 70 | 95.50 | 0 | 2 | 2.98 | 12.50 |
| Science - Other | 0 | 4 | 0 | 1 | 40 | 45 | 74.00 | 0 | 1 | 0.00 | 0.00 |
| History - Other | 0 | 4 | 0 | 2 | 40 | 49 | 86.25 | 1 | 2 | 0.00 | 0.00 |
| Mythology | 0 | 4 | 1 | 1 | 35 | 56 | 81.75 | 1 | 1 | 12.83 | 17.50 |
| History - World | 0 | 3 | 0 | 1 | 30 | 50 | 72.33 | 0 | 0 | 0.00 | 0.00 |
| Painting/Sculpture | 0 | 3 | 1 | 0 | 25 | 68 | 78.00 | 0 | 2 | 0.00 | 0.00 |
| Social Science | 0 | 2 | 0 | 0 | 20 | 82 | 92.00 | 0 | 2 | 9.41 | 15.00 |
| History - American | 0 | 2 | 0 | 1 | 20 | 84 | 89.00 | 0 | 0 | 4.50 | 10.00 |
| Philosophy | 0 | 2 | 0 | 1 | 20 | 61 | 81.00 | 0 | 0 | 0.00 | 0.00 |
| Science - Biology | 0 | 2 | 0 | 0 | 20 | 66 | 79.50 | 1 | 1 | 5.00 | 7.50 |
| Pop Culture | 0 | 1 | 0 | 0 | 10 | 53 | 53.00 | 0 | 1 | 0.00 | 0.00 |
| Geography | 0 | 1 | 0 | 0 | 10 | 78 | 78.00 | 0 | 1 | 0.00 | 0.00 |
| Current Events | 0 | 1 | 0 | 1 | 10 | 109 | 109.00 | 0 | 0 | 0.00 | 0.00 |
| History - European | 0 | 1 | 0 | 0 | 10 | 100 | 100.00 | 0 | 0 | 0.00 | 0.00 |
| Fine Arts - Classical Music | 0 | 1 | 0 | 0 | 10 | 92 | 92.00 | 0 | 0 | 0.00 | 0.00 |